Catálogo

EL NACIMIENTO DE LOS PAISES LATINOAMERICANOS (Registro nro. 4905)

Detalles MARC
000 -LEADER
fixed length control field 00552nam a2200193 a 4500
001 - CONTROL NUMBER
control field 4905
005 - DATE AND TIME OF LATEST TRANSACTION
control field 20180713184750.0
008 - FIXED-LENGTH DATA ELEMENTS--GENERAL INFORMATION
fixed length control field 140415s1989 000 0 spa d
041 ## - LANGUAGE CODE
Language code of text/sound track or separate title spa
082 ## - DEWEY DECIMAL CLASSIFICATION NUMBER
Classification number 980
Item number MAC
100 1# - MAIN ENTRY--PERSONAL NAME
Personal name MACAULAY, NEIL
245 13 - TITLE STATEMENT
Title EL NACIMIENTO DE LOS PAISES LATINOAMERICANOS
260 ## - PUBLICATION, DISTRIBUTION, ETC.
Place of publication, distribution, etc. [s.l.] :
Name of publisher, distributor, etc. NEREA,
Date of publication, distribution, etc. 1989
300 ## - PHYSICAL DESCRIPTION
Extent 308
500 ## - GENERAL NOTE
General note BIBLIOGRAFIA : p. 309-319
650 14 - SUBJECT ADDED ENTRY--TOPICAL TERM
Topical term or geographic name entry element AMERICA LATINA
General subdivision HISTORIA
-- HASTA 1830
700 1# - ADDED ENTRY--PERSONAL NAME
Personal name GOMEZ BORRERO, JOSE CARLOS
Relator term tr.
700 1# - ADDED ENTRY--PERSONAL NAME
Personal name USHNELL, DAVID
Relator term coaut.
Existencias
Withdrawn status Lost status Source of classification or shelving scheme Damaged status Not for loan Collection code Home library Current library Shelving location Date acquired Source of acquisition Inventory number Total Checkouts Full call number Barcode Date last seen Date last checked out Price effective from Koha item type
    Dewey Decimal Classification     General Biblioteca Karol Wojtyla Biblioteca Karol Wojtyla Sala general 03/12/2013 Compra 151000000000000000038396 1 980 MAC 16498 05/01/2026 09/05/2019 03/12/2013 Libro